Deutschlands Aussenpolitik, 1933-1939 / (Record no. 89848)

MARC details
000 -LEADER
fixed length control field 01091cam a2200253 a 4500
001 - CONTROL NUMBER
control field sd 40000135
003 - CONTROL NUMBER IDENTIFIER
control field DLC
005 - DATE AND TIME OF LATEST TRANSACTION
control field 20260227112733.0
008 - FIXED-LENGTH DATA ELEMENTS--GENERAL INFORMATION
fixed length control field 820312s1939 gw 000 0 ger c
010 ## - LIBRARY OF CONGRESS CONTROL NUMBER
LC control number sd 40000135
040 ## - CATALOGING SOURCE
Original cataloging agency US Dept. State Libr.
Transcribing agency DLC
Modifying agency DLC
043 ## - GEOGRAPHIC AREA CODE
Geographic area code e------
-- e-gx---
050 00 - LIBRARY OF CONGRESS CALL NUMBER
Classification number DD253
Item number .F63 1939a
100 1# - MAIN ENTRY--PERSONAL NAME
Personal name Freytagh-Loringhoven, Axel,
Titles and words associated with a name Freiherr von,
Dates associated with a name 1878-1942.
245 10 - TITLE STATEMENT
Title Deutschlands Aussenpolitik, 1933-1939 /
Statement of responsibility, etc. von Axel Freiherrn von Freytagh-Loringhoven.
250 ## - EDITION STATEMENT
Edition statement 4. Aufl., 12.-16. Tausend.
260 ## - PUBLICATION, DISTRIBUTION, ETC.
Place of publication, distribution, etc. Berlin :
Name of publisher, distributor, etc. Verlagsanstalt Otto Stollberg,
Date of publication, distribution, etc. [c1939]
300 ## - PHYSICAL DESCRIPTION
Extent 273 p. ;
Dimensions 21 cm.
500 ## - GENERAL NOTE
General note LC copy: "3. Aufl. 7.-11. Tausend".
Institution to which field applies DLC
561 ## - OWNERSHIP AND CUSTODIAL HISTORY
Institution to which field applies DLC
651 #0 - SUBJECT ADDED ENTRY--GEOGRAPHIC NAME
Geographic name Germany
General subdivision Foreign relations
Chronological subdivision 1933-1945
651 #0 - SUBJECT ADDED ENTRY--GEOGRAPHIC NAME
Geographic name Europe
General subdivision Politics and government
Chronological subdivision 1914-1945.
710 2# - ADDED ENTRY--CORPORATE NAME
Corporate name or jurisdiction name as entry element Reichspostdirektion Frankfurt (Main),
Relator term former owner.
Institution to which field applies DLC

No items available.

Powered by Koha